[Event "WCh Women"]
[Site "Antakya TUR"]
[Date "2010.12.06"]
[Round "1.3"]
[White "Ding, Yixin (CHN)"]
[Black "Hoang Thanh Trang (HUN)"]
[Result "1/2-1/2"]
[WhiteElo "2370"]
[BlackElo "2473"]
[PlyCount "131"]
[EventDate "2010.12.04"]

1. e4 e6 2. d4 d5 3. Nc3 Nf6 4. Bg5 dxe4 5. Nxe4 Be7 6. Bxf6 Bxf6 7. Nf3 O-O 8.
Nxf6+ Qxf6 9. Bd3 c5 10. O-O cxd4 11. Nxd4 Rd8 12. Nb5 Nc6 13. Qc1 e5 14. Qe3
Bf5 15. Rad1 Bxd3 16. Rxd3 Rxd3 17. Qxd3 Rd8 18. Qe3 a6 19. Nc3 Qe6 20. h3 h6
21. a3 Qc4 22. Re1 Rd4 23. b3 Qe6 24. Ne4 Qe7 25. c3 Rd8 26. Qb6 Rd5 27. c4 Rd4
28. Nc5 Nd8 29. Qa7 Qd6 30. a4 Kh7 31. Ne4 Qb4 32. Re3 f5 33. Qc5 Qxc5 34. Nxc5
e4 35. f3 exf3 36. Rxf3 Kg6 37. Re3 Kf7 38. Kf2 a5 39. Ke2 b6 40. Nd3 Ne6 41.
Re5 Re4+ 42. Kd2 Rxe5 43. Nxe5+ Ke7 44. Nd3 Kd6 45. Kc3 g5 46. b4 axb4+ 47.
Kxb4 h5 48. Kb5 Kc7 49. a5 Nd4+ 50. Ka6 bxa5 51. Kxa5 h4 52. Kb4 g4 53. Kc5
Ne6+ 54. Kd5 Ng5 55. Nf4 gxh3 56. gxh3 Ne4 57. c5 Nc3+ 58. Kd4 Ne4 59. Nd5+ Kd7
60. Nf4 Kc6 61. Ng6 Nxc5 62. Ne7+ Kd7 63. Nxf5 Ne6+ 64. Ke5 Ng5 65. Nxh4 Nxh3
66. Ke4 1/2-1/2